| 000 | 01310nam a2200277 i 4500 | ||
|---|---|---|---|
| 003 | CSPC | ||
| 005 | 20250814145956.0 | ||
| 008 | 250603s2022 ph b 000 0 eng d | ||
| 020 | _a9786218179073 | ||
| 040 |
_aCSPC _beng _cCSPC _erda |
||
| 082 | 0 | 4 |
_a338.04 _bAr332e |
| 100 | 1 |
_aArenas, Chester Dave G., _eauthor. |
|
| 245 | 1 | 0 |
_aEntrepreneurship in tourism and hospitality industry / _cChester Dave G. Arenas. |
| 264 | 1 |
_aManila : _bEDRIC Publishing House, _c2022. |
|
| 300 |
_a91 pages ; _c25 cm. |
||
| 336 |
_2rdacontent _atext |
||
| 337 |
_2rdamedia _aunmediated |
||
| 338 |
_2rdacarrier _avolume |
||
| 504 | _aIncludes bibliographical references. | ||
| 505 | 0 | _aUnit I. Introduction to entrepreneurship -- Introduction to entrepreneurship -- The role of entrepreneurship in hospitality and tourism industry -- Unit II. Business plan -- Developing a business plan -- Market analysis -- Marketing strategies -- Unit III. Business implementation -- Starting and operating a business -- Introduction to bookkeeping -- Financial statement analysis. | |
| 650 | 4 | _aEntrepreneurship. | |
| 650 | 4 | _aTourism. | |
| 650 | 4 | _aHospitality industry. | |
| 942 |
_2ddc _n0 _cBK _h338.04 _iAr332e _kFIL _m2022 |
||
| 999 |
_c29682 _d29682 |
||